000 00854cam a2200253 4500
001 14616
005 20230410101929.0
008 060907n1999 dr spa
020 _a9768175575
035 _9funglode14739
041 _aspa
050 1 4 _a118 F 1938.4
_bN936l 1999
100 1 _aNovas, José C.,
_d1948-
245 1 0 _aLilís y los agentes del Tío Sam /
_cJosé C. Novas
260 _aSanto Domingo :
_bCocolo Editorial,
_c1999
300 _a250 p. :
_bill. ;
_c22 cm.
504 _aIncludes bibliographical references (p. 241-250).
651 0 _aDominican Republic
_xHistory
_y1844-1930.
651 0 _aDominican Republic
_xRelations
_zUnited States.
651 0 _aUnited States
_xRelations
_zDominican Republic.
600 1 0 _aHeureaux, Ulises,
_d1845-1899.
650 0 _aPresidents
_zDominican Republic
_vBiography.
942 _2lcc
_cbk
999 _c15944
_d15944